| 000 | 00468nam a22001337a 4500 | ||
|---|---|---|---|
| 003 | SGT | ||
| 020 | _a8186870016 | ||
| 082 |
_a891.4309 _bV96P |
||
| 100 | _aप्रसाद, चंद्रभान | ||
| 245 | _aविश्वासघात : स्वतंत्र भारत ने दलितों के लिए क्या किया हैं | ||
| 260 |
_bडी. एस.ए . प्रकाशन _c1996 |
||
| 300 | _a249 | ||
| 942 |
_2ddc _cBK |
||
| 999 |
_c30386 _d30386 |
||